Countries that were Never Colonized - Statistics

General Stats
  • This quiz has been taken 194 times
    180 since last reset
  • The average score is 9 of 14
Answer Stats
Answer % Correct
Japan
89%
China
80%
Ethiopia
78%
Thailand
71%
Iran
68%
Bhutan
63%
Liberia
63%
Mongolia
62%
Nepal
62%
Afghanistan
60%
Saudi Arabia
56%
Turkey
56%
Taiwan
40%
Korea
29%
No matching quizzes found
Score Distribution
Percent of People with Each Score
Percentile by Number Answered
Your Score History
You have not taken this quiz since the last reset